Física para Ingeniería. Libro de Actividades.

Saved in:
Bibliografiske detaljer
Hovedforfatter: Quezada Cabrera, Francisco (autor)
Andre forfattere: Pizarro Moya, Carlos (autor), Páez Silva, Milena (autora), González Espinoza, Manuel (autor), Ahumada Albayay, Germán (autor)
Format: Bog
Udgivet: Valparaíso, Chile: Ediciones PUCV, 2024.
Udgivelse:Primera edición.
Serier:Colección Ingeniería
Fag:
Tags: Tilføj Tag
Ingen Tags, Vær først til at tagge denne postø!

MARC

LEADER 00000nam a22000007a 4500
003 CL-VaPUC
005 20250310153052.0
008 240708t2024 ||||| |||| 00| 0 eng d
999 |c 446369  |d 446367 
020 |a 978-956-17-1124-2 Obra completa 
020 |a 978-956-17-1130-3 
040 |c Pontificia Universidad Católica de Valparaíso 
082 7 |a 531 QUE 2024   |2 22 
100 |a Quezada Cabrera, Francisco  |9 834582  |e autor 
245 |a Física para Ingeniería.  |b Libro de Actividades. 
250 |a Primera edición. 
260 |a Valparaíso, Chile:  |b Ediciones PUCV,  |c 2024. 
300 |a 179 páginas. 
490 |a Colección Ingeniería 
500 |a c.1-100 Donación Ediciones PUCV. Diciembre 2024. 
583 |c 20240708  |k Catalogador Asistente 
650 |a Cinemática   |v Problemas y ejercicios  |9 895111 
650 |a Dinámica   |v Problemas y ejercicios  |9 895112 
650 |a Mecánica clásica   |v Problemas y ejercicios  |9 895113 
700 |a Pizarro Moya, Carlos  |e autor  |9 890081 
700 |a Páez Silva, Milena  |e autora  |9 814133 
700 |a González Espinoza, Manuel  |e autor  |9 895097 
700 |a Ahumada Albayay, Germán  |e autor  |9 895098 
942 |2 ddc  |c BK 
952 |0 0  |1 0  |2 ddc  |4 0  |6 531_000000000000000_QUE_2024  |7 0  |8 A  |9 598866  |a BIBING  |b BIBING  |d 2025-01-07  |e Donación  |i 5663810  |l 3  |m 1  |o 531 QUE 2024  |p 5663810  |r 2025-04-22  |s 2025-04-10  |t 1  |w 2025-01-07  |y BK  |k ING 
952 |0 0  |1 0  |2 ddc  |4 0  |6 531_000000000000000_QUE_2024  |7 0  |8 A  |9 598867  |a BIBING  |b BIBING  |d 2025-01-07  |e Donación  |i 5663811  |o 531 QUE 2024  |p 5663811  |r 2025-01-07  |t 2  |w 2025-01-07  |y BK  |k ING 
952 |0 0  |1 0  |2 ddc  |4 0  |6 531_000000000000000_QUE_2024  |7 0  |8 A  |9 598868  |a BIBING  |b BIBING  |d 2025-01-07  |e Donación  |i 5663812  |o 531 QUE 2024  |p 5663812  |r 2025-01-07  |t 3  |w 2025-01-07  |y BK  |k ING 
952 |0 0  |1 0  |2 ddc  |4 0  |6 531_000000000000000_QUE_2024  |7 0  |8 A  |9 598870  |a BIBING  |b BIBING  |d 2025-01-07  |e Donación  |i 5663813  |l 2  |o 531 QUE 2024  |p 5663813  |q 2025-05-12  |r 2025-05-05  |s 2025-05-05  |t 4  |w 2025-01-07  |y BK  |k ING 
952 |0 0  |1 0  |2 ddc  |4 0  |6 531_000000000000000_QUE_2024  |7 0  |8 A  |9 598871  |a BIBING  |b BIBING  |d 2025-01-07  |e Donación  |i 5663814  |o 531 QUE 2024  |p 5663814  |r 2025-01-07  |t 5  |w 2025-01-07  |y BK  |k ING 
952 |0 0  |1 0  |2 ddc  |4 0  |6 531_000000000000000_QUE_2024  |7 0  |8 A  |9 598872  |a BIBING  |b BIBING  |d 2025-01-07  |e Donación  |i 5663815  |o 531 QUE 2024  |p 5663815  |r 2025-01-07  |t 6  |w 2025-01-07  |y BK  |k ING 
952 |0 0  |1 0  |2 ddc  |4 0  |6 531_000000000000000_QUE_2024  |7 0  |8 A  |9 598873  |a BIBING  |b BIBING  |d 2025-01-07  |e Donación  |i 5663816  |o 531 QUE 2024  |p 5663816  |r 2025-01-07  |t 7  |w 2025-01-07  |y BK  |k ING 
952 |0 0  |1 0  |2 ddc  |4 0  |6 531_000000000000000_QUE_2024  |7 0  |8 A  |9 598874  |a BIBING  |b BIBING  |d 2025-01-07  |e Donación  |i 5663817  |o 531 QUE 2024  |p 5663817  |r 2025-01-07  |t 8  |w 2025-01-07  |y BK  |k ING 
952 |0 0  |1 0  |2 ddc  |4 0  |6 531_000000000000000_QUE_2024  |7 0  |8 A  |9 598875  |a BIBING  |b BIBING  |d 2025-01-07  |e Donación  |i 5663818  |o 531 QUE 2024  |p 5663818  |r 2025-01-07  |t 9  |w 2025-01-07  |y BK  |k ING 
952 |0 0  |1 0  |2 ddc  |4 0  |6 531_000000000000000_QUE_2024  |7 0  |8 A  |9 598876  |a BIBING  |b BIBING  |d 2025-01-07  |e Donación  |i 5663819  |o 531 QUE 2024  |p 5663819  |r 2025-01-07  |t 10  |w 2025-01-07  |y BK  |k ING 
952 |0 0  |1 0  |2 ddc  |4 0  |6 531_000000000000000_QUE_2024  |7 0  |8 A  |9 598877  |a BIBING  |b BIBING  |d 2025-01-07  |e Donación  |i 5663820  |o 531 QUE 2024  |p 5663820  |r 2025-01-07  |t 11  |w 2025-01-07  |y BK  |k ING 
952 |0 0  |1 0  |2 ddc  |4 0  |6 531_000000000000000_QUE_2024  |7 0  |8 A  |9 598878  |a BIBING  |b BIBING  |d 2025-01-07  |e Donación  |i 5663821  |o 531 QUE 2024  |p 5663821  |r 2025-01-07  |t 12  |w 2025-01-07  |y BK  |k ING 
952 |0 0  |1 0  |2 ddc  |4 0  |6 531_000000000000000_QUE_2024  |7 0  |8 A  |9 598879  |a BIBING  |b BIBING  |d 2025-01-07  |e Donación  |i 5663822  |o 531 QUE 2024  |p 5663822  |r 2025-01-07  |t 13  |w 2025-01-07  |y BK  |k ING 
952 |0 0  |1 0  |2 ddc  |4 0  |6 531_000000000000000_QUE_2024  |7 0  |8 A  |9 598880  |a BIBING  |b BIBING  |d 2025-01-07  |e Donación  |i 5663823  |o 531 QUE 2024  |p 5663823  |r 2025-01-07  |t 14  |w 2025-01-07  |y BK  |k ING 
952 |0 0  |1 0  |2 ddc  |4 0  |6 531_000000000000000_QUE_2024  |7 0  |8 A  |9 598881  |a BIBING  |b BIBING  |d 2025-01-07  |e Donación  |i 5663824  |o 531 QUE 2024  |p 5663824  |r 2025-01-07  |t 15  |w 2025-01-07  |y BK  |k ING 
952 |0 0  |1 0  |2 ddc  |4 0  |6 531_000000000000000_QUE_2024  |7 0  |8 A  |9 598882  |a BIBING  |b BIBING  |d 2025-01-07  |e Donación  |i 5663825  |o 531 QUE 2024  |p 5663825  |r 2025-01-07  |t 16  |w 2025-01-07  |y BK  |k ING 
952 |0 0  |1 0  |2 ddc  |4 0  |6 531_000000000000000_QUE_2024  |7 0  |8 A  |9 598883  |a BIBING  |b BIBING  |d 2025-01-07  |e Donación  |i 5663826  |l 5  |m 4  |o 531 QUE 2024  |p 5663826  |q 2025-05-12  |r 2025-05-05  |s 2025-05-05  |t 17  |w 2025-01-07  |y BK  |k ING 
952 |0 0  |1 0  |2 ddc  |4 0  |6 531_000000000000000_QUE_2024  |7 0  |8 A  |9 598884  |a BIBING  |b BIBING  |d 2025-01-07  |e Donación  |i 5663827  |o 531 QUE 2024  |p 5663827  |r 2025-01-07  |t 18  |w 2025-01-07  |y BK  |k ING 
952 |0 0  |1 0  |2 ddc  |4 0  |6 531_000000000000000_QUE_2024  |7 0  |8 A  |9 598885  |a BIBING  |b BIBING  |d 2025-01-07  |e Donación  |i 5663828  |o 531 QUE 2024  |p 5663828  |r 2025-01-07  |t 19  |w 2025-01-07  |y BK  |k ING 
952 |0 0  |1 0  |2 ddc  |4 0  |6 531_000000000000000_QUE_2024  |7 0  |8 A  |9 598886  |a BIBING  |b BIBING  |d 2025-01-07  |e Donación  |i 5663829  |o 531 QUE 2024  |p 5663829  |r 2025-01-07  |t 20  |w 2025-01-07  |y BK  |k ING 
952 |0 0  |1 0  |2 ddc  |4 0  |6 531_000000000000000_QUE_2024  |7 0  |8 A  |9 598887  |a BIBING  |b BIBING  |d 2025-01-07  |e Donación  |i 5663830  |o 531 QUE 2024  |p 5663830  |r 2025-01-07  |t 21  |w 2025-01-07  |y BK  |k ING 
952 |0 0  |1 0  |2 ddc  |4 0  |6 531_000000000000000_QUE_2024  |7 0  |8 A  |9 598888  |a BIBING  |b BIBING  |d 2025-01-07  |e Donación  |i 5663831  |l 2  |o 531 QUE 2024  |p 5663831  |r 2025-03-26  |s 2025-03-26  |t 22  |w 2025-01-07  |y BK  |k ING 
952 |0 0  |1 0  |2 ddc  |4 0  |6 531_000000000000000_QUE_2024  |7 0  |8 A  |9 598889  |a BIBING  |b BIBING  |d 2025-01-07  |e Donación  |i 5663832  |l 1  |o 531 QUE 2024  |p 5663832  |r 2025-05-07  |s 2025-04-30  |t 23  |w 2025-01-07  |y BK  |k ING 
952 |0 0  |1 0  |2 ddc  |4 0  |6 531_000000000000000_QUE_2024  |7 0  |8 A  |9 598890  |a BIBING  |b BIBING  |d 2025-01-07  |e Donación  |i 5663833  |l 1  |o 531 QUE 2024  |p 5663833  |r 2025-03-24  |s 2025-03-14  |t 24  |w 2025-01-07  |y BK  |k ING 
952 |0 0  |1 0  |2 ddc  |4 0  |6 531_000000000000000_QUE_2024  |7 0  |8 A  |9 598891  |a BIBING  |b BIBING  |d 2025-01-07  |e Donación  |i 5663834  |l 3  |o 531 QUE 2024  |p 5663834  |r 2025-04-02  |s 2025-03-26  |t 25  |w 2025-01-07  |y BK  |k ING 
952 |0 0  |1 0  |2 ddc  |4 0  |6 531_000000000000000_QUE_2024  |7 0  |8 A  |9 598892  |a BIBING  |b BIBING  |d 2025-01-07  |e Donación  |i 5663835  |l 3  |m 3  |o 531 QUE 2024  |p 5663835  |r 2025-04-29  |s 2025-04-21  |t 26  |w 2025-01-07  |y BK  |k ING 
952 |0 0  |1 0  |2 ddc  |4 0  |6 531_000000000000000_QUE_2024  |7 0  |8 A  |9 598893  |a BIBING  |b BIBING  |d 2025-01-07  |e Donación  |i 5663836  |l 2  |m 1  |o 531 QUE 2024  |p 5663836  |r 2025-05-05  |s 2025-04-16  |t 27  |w 2025-01-07  |y BK  |k ING 
952 |0 0  |1 0  |2 ddc  |4 0  |6 531_000000000000000_QUE_2024  |7 0  |8 A  |9 598894  |a BIBING  |b BIBING  |d 2025-01-07  |e Donación  |i 5663837  |l 3  |m 1  |o 531 QUE 2024  |p 5663837  |r 2025-04-14  |s 2025-04-07  |t 28  |w 2025-01-07  |y BK  |k ING 
952 |0 0  |1 0  |2 ddc  |4 0  |6 531_000000000000000_QUE_2024  |7 0  |8 A  |9 598895  |a BIBING  |b BIBING  |d 2025-01-07  |e Donación  |i 5663838  |o 531 QUE 2024  |p 5663838  |r 2025-01-07  |t 29  |w 2025-01-07  |y BK  |k ING 
952 |0 0  |1 0  |2 ddc  |4 0  |6 531_000000000000000_QUE_2024  |7 0  |8 A  |9 598896  |a BIBING  |b BIBING  |d 2025-01-07  |e Donación  |i 5663839  |o 531 QUE 2024  |p 5663839  |r 2025-01-07  |t 30  |w 2025-01-07  |y BK  |k ING 
952 |0 0  |1 0  |2 ddc  |4 0  |6 531_000000000000000_QUE_2024  |7 0  |8 A  |9 598897  |a BIBING  |b BIBING  |d 2025-01-07  |e Donación  |i 5663840  |o 531 QUE 2024  |p 5663840  |r 2025-01-07  |t 31  |w 2025-01-07  |y BK  |k ING 
952 |0 0  |1 0  |2 ddc  |4 0  |6 531_000000000000000_QUE_2024  |7 0  |8 A  |9 598898  |a BIBING  |b BIBING  |d 2025-01-07  |e Donación  |i 5663841  |l 1  |o 531 QUE 2024  |p 5663841  |r 2025-04-29  |s 2025-04-15  |t 32  |w 2025-01-07  |y BK  |k ING 
952 |0 0  |1 0  |2 ddc  |4 0  |6 531_000000000000000_QUE_2024  |7 0  |8 A  |9 598899  |a BIBING  |b BIBING  |d 2025-01-07  |e Donación  |i 5663842  |l 3  |o 531 QUE 2024  |p 5663842  |q 2025-05-16  |r 2025-05-09  |s 2025-05-09  |t 33  |w 2025-01-07  |y BK  |k ING 
952 |0 0  |1 0  |2 ddc  |4 0  |6 531_000000000000000_QUE_2024  |7 0  |8 A  |9 598900  |a BIBING  |b BIBING  |d 2025-01-07  |e Donación  |i 5663843  |l 2  |m 2  |o 531 QUE 2024  |p 5663843  |r 2025-04-23  |s 2025-04-08  |t 34  |w 2025-01-07  |y BK  |k ING 
952 |0 0  |1 0  |2 ddc  |4 0  |6 531_000000000000000_QUE_2024  |7 0  |8 A  |9 598901  |a BIBING  |b BIBING  |d 2025-01-07  |e Donación  |i 5663844  |l 1  |o 531 QUE 2024  |p 5663844  |r 2025-04-01  |s 2025-03-24  |t 35  |w 2025-01-07  |y BK  |k ING 
952 |0 0  |1 0  |2 ddc  |4 0  |6 531_000000000000000_QUE_2024  |7 0  |8 A  |9 598902  |a BIBING  |b BIBING  |d 2025-01-07  |e Donación  |i 5663845  |l 2  |o 531 QUE 2024  |p 5663845  |r 2025-04-22  |s 2025-04-11  |t 36  |w 2025-01-07  |y BK  |k ING 
952 |0 0  |1 0  |2 ddc  |4 0  |6 531_000000000000000_QUE_2024  |7 0  |8 A  |9 598903  |a BIBING  |b BIBING  |d 2025-01-07  |e Donación  |i 5663846  |l 1  |o 531 QUE 2024  |p 5663846  |r 2025-04-02  |s 2025-03-26  |t 37  |w 2025-01-07  |y BK  |k ING 
952 |0 0  |1 0  |2 ddc  |4 0  |6 531_000000000000000_QUE_2024  |7 0  |8 A  |9 598904  |a BIBING  |b BIBING  |d 2025-01-07  |e Donación  |i 5663847  |l 1  |o 531 QUE 2024  |p 5663847  |r 2025-03-24  |s 2025-03-24  |t 38  |w 2025-01-07  |y BK  |k ING 
952 |0 0  |1 0  |2 ddc  |4 0  |6 531_000000000000000_QUE_2024  |7 0  |8 A  |9 598905  |a BIBING  |b BIBING  |d 2025-01-07  |e Donación  |i 5663848  |l 1  |o 531 QUE 2024  |p 5663848  |r 2025-03-31  |s 2025-03-24  |t 39  |w 2025-01-07  |y BK  |k ING 
952 |0 0  |1 0  |2 ddc  |4 0  |6 531_000000000000000_QUE_2024  |7 0  |8 A  |9 598906  |a BIBING  |b BIBING  |d 2025-01-07  |e Donación  |i 5663849  |o 531 QUE 2024  |p 5663849  |r 2025-01-07  |t 40  |w 2025-01-07  |y BK  |k ING 
952 |0 0  |1 0  |2 ddc  |4 0  |6 531_000000000000000_QUE_2024  |7 0  |8 A  |9 598907  |a BIBING  |b BIBING  |d 2025-01-07  |e Donación  |i 5663850  |o 531 QUE 2024  |p 5663850  |r 2025-01-07  |t 41  |w 2025-01-07  |y BK  |k ING 
952 |0 0  |1 0  |2 ddc  |4 0  |6 531_000000000000000_QUE_2024  |7 0  |8 A  |9 598908  |a BIBING  |b BIBING  |d 2025-01-07  |e Donación  |i 5663851  |o 531 QUE 2024  |p 5663851  |r 2025-01-07  |t 42  |w 2025-01-07  |y BK  |k ING 
952 |0 0  |1 0  |2 ddc  |4 0  |6 531_000000000000000_QUE_2024  |7 0  |8 A  |9 598909  |a BIBING  |b BIBING  |d 2025-01-07  |e Donación  |i 5663852  |o 531 QUE 2024  |p 5663852  |r 2025-01-07  |t 43  |w 2025-01-07  |y BK  |k ING 
952 |0 0  |1 0  |2 ddc  |4 0  |6 531_000000000000000_QUE_2024  |7 0  |8 A  |9 598910  |a BIBING  |b BIBING  |d 2025-01-07  |e Donación  |i 5663853  |l 2  |o 531 QUE 2024  |p 5663853  |q 2025-05-12  |r 2025-05-05  |s 2025-05-05  |t 44  |w 2025-01-07  |y BK  |k ING 
952 |0 0  |1 0  |2 ddc  |4 0  |6 531_000000000000000_QUE_2024  |7 0  |8 A  |9 598911  |a BIBING  |b BIBING  |d 2025-01-07  |e Donación  |i 5663854  |o 531 QUE 2024  |p 5663854  |r 2025-01-07  |t 45  |w 2025-01-07  |y BK  |k ING 
952 |0 0  |1 0  |2 ddc  |4 0  |6 531_000000000000000_QUE_2024  |7 0  |8 A  |9 598912  |a BIBING  |b BIBING  |d 2025-01-07  |e Donación  |i 5663855  |o 531 QUE 2024  |p 5663855  |r 2025-01-07  |t 46  |w 2025-01-07  |y BK  |k ING 
952 |0 0  |1 0  |2 ddc  |4 0  |6 531_000000000000000_QUE_2024  |7 0  |8 A  |9 598913  |a BIBING  |b BIBING  |d 2025-01-07  |e Donación  |i 5663856  |l 2  |m 1  |o 531 QUE 2024  |p 5663856  |q 2025-05-16  |r 2025-05-09  |s 2025-05-09  |t 47  |w 2025-01-07  |y BK  |k ING 
952 |0 0  |1 0  |2 ddc  |4 0  |6 531_000000000000000_QUE_2024  |7 0  |8 A  |9 598914  |a BIBING  |b BIBING  |d 2025-01-07  |e Donación  |i 5663857  |l 2  |m 4  |o 531 QUE 2024  |p 5663857  |q 2025-05-16  |r 2025-05-09  |s 2025-05-09  |t 48  |w 2025-01-07  |y BK  |k ING 
952 |0 0  |1 0  |2 ddc  |4 0  |6 531_000000000000000_QUE_2024  |7 0  |8 A  |9 598915  |a BIBING  |b BIBING  |d 2025-01-07  |e Donación  |i 5663858  |l 2  |m 3  |o 531 QUE 2024  |p 5663858  |r 2025-05-06  |s 2025-04-22  |t 49  |w 2025-01-07  |y BK  |k ING 
952 |0 0  |1 0  |2 ddc  |4 0  |6 531_000000000000000_QUE_2024  |7 0  |8 A  |9 598916  |a BIBING  |b BIBING  |d 2025-01-07  |e Donación  |i 5663859  |l 1  |m 1  |o 531 QUE 2024  |p 5663859  |r 2025-04-24  |s 2025-04-04  |t 50  |w 2025-01-07  |y BK  |k ING 
952 |0 0  |1 0  |2 ddc  |4 0  |6 531_000000000000000_QUE_2024  |7 0  |8 A  |9 598918  |a BIBING  |b BIBING  |d 2025-01-07  |e Donación  |i 5663860  |o 531 QUE 2024  |p 5663860  |r 2025-01-07  |t 51  |w 2025-01-07  |y BK  |k ING 
952 |0 0  |1 0  |2 ddc  |4 0  |6 531_000000000000000_QUE_2024  |7 0  |8 A  |9 598919  |a BIBING  |b BIBING  |d 2025-01-07  |e Donación  |i 5663861  |o 531 QUE 2024  |p 5663861  |r 2025-01-07  |t 52  |w 2025-01-07  |y BK  |k ING 
952 |0 0  |1 0  |2 ddc  |4 0  |6 531_000000000000000_QUE_2024  |7 0  |8 A  |9 598920  |a BIBING  |b BIBING  |d 2025-01-07  |e Donación  |i 5663862  |o 531 QUE 2024  |p 5663862  |r 2025-01-07  |t 53  |w 2025-01-07  |y BK  |k ING 
952 |0 0  |1 0  |2 ddc  |4 0  |6 531_000000000000000_QUE_2024  |7 0  |8 A  |9 598921  |a BIBING  |b BIBING  |d 2025-01-07  |e Donación  |i 5663863  |o 531 QUE 2024  |p 5663863  |r 2025-01-07  |t 54  |w 2025-01-07  |y BK  |k ING 
952 |0 0  |1 0  |2 ddc  |4 0  |6 531_000000000000000_QUE_2024  |7 0  |8 A  |9 598922  |a BIBING  |b BIBING  |d 2025-01-07  |e Donación  |i 5663864  |o 531 QUE 2024  |p 5663864  |r 2025-01-07  |t 55  |w 2025-01-07  |y BK  |k ING 
952 |0 0  |1 0  |2 ddc  |4 0  |6 531_000000000000000_QUE_2024  |7 0  |8 A  |9 598923  |a BIBING  |b BIBING  |d 2025-01-07  |e Donación  |i 5663865  |l 1  |o 531 QUE 2024  |p 5663865  |r 2025-03-31  |s 2025-03-24  |t 56  |w 2025-01-07  |y BK  |k ING 
952 |0 0  |1 0  |2 ddc  |4 0  |6 531_000000000000000_QUE_2024  |7 0  |8 A  |9 598924  |a BIBING  |b BIBING  |d 2025-01-07  |e Donación  |i 5663866  |l 2  |o 531 QUE 2024  |p 5663866  |r 2025-04-23  |s 2025-04-10  |t 57  |w 2025-01-07  |y BK  |k ING 
952 |0 0  |1 0  |2 ddc  |4 0  |6 531_000000000000000_QUE_2024  |7 0  |8 A  |9 598925  |a BIBING  |b BIBING  |d 2025-01-07  |e Donación  |i 5663867  |o 531 QUE 2024  |p 5663867  |r 2025-01-07  |t 58  |w 2025-01-07  |y BK  |k ING 
952 |0 0  |1 0  |2 ddc  |4 0  |6 531_000000000000000_QUE_2024  |7 0  |8 A  |9 598926  |a BIBING  |b BIBING  |d 2025-01-07  |e Donación  |i 5663868  |o 531 QUE 2024  |p 5663868  |r 2025-01-07  |t 59  |w 2025-01-07  |y BK  |k ING 
952 |0 0  |1 0  |2 ddc  |4 0  |6 531_000000000000000_QUE_2024  |7 0  |8 A  |9 598927  |a BIBING  |b BIBING  |d 2025-01-07  |e Donación  |i 5663869  |l 2  |o 531 QUE 2024  |p 5663869  |r 2025-04-03  |s 2025-03-31  |t 60  |w 2025-01-07  |y BK  |k ING 
952 |0 0  |1 0  |2 ddc  |4 0  |6 531_000000000000000_QUE_2024  |7 0  |8 A  |9 598928  |a BIBING  |b BIBING  |d 2025-01-07  |e Donación  |i 5663870  |o 531 QUE 2024  |p 5663870  |r 2025-01-07  |t 61  |w 2025-01-07  |y BK  |k ING 
952 |0 0  |1 0  |2 ddc  |4 0  |6 531_000000000000000_QUE_2024  |7 0  |8 A  |9 598929  |a BIBING  |b BIBING  |d 2025-01-07  |e Donación  |i 5663871  |o 531 QUE 2024  |p 5663871  |r 2025-01-07  |t 62  |w 2025-01-07  |y BK  |k ING 
952 |0 0  |1 0  |2 ddc  |4 0  |6 531_000000000000000_QUE_2024  |7 0  |8 A  |9 598930  |a BIBING  |b BIBING  |d 2025-01-07  |e Donación  |i 5663872  |o 531 QUE 2024  |p 5663872  |r 2025-01-07  |t 63  |w 2025-01-07  |y BK  |k ING 
952 |0 0  |1 0  |2 ddc  |4 0  |6 531_000000000000000_QUE_2024  |7 0  |8 A  |9 598931  |a BIBING  |b BIBING  |d 2025-01-07  |e Donación  |i 5663873  |o 531 QUE 2024  |p 5663873  |r 2025-01-07  |t 64  |w 2025-01-07  |y BK  |k ING 
952 |0 0  |1 0  |2 ddc  |4 0  |6 531_000000000000000_QUE_2024  |7 0  |8 A  |9 598932  |a BIBING  |b BIBING  |d 2025-01-07  |e Donación  |i 5663874  |o 531 QUE 2024  |p 5663874  |r 2025-01-07  |t 65  |w 2025-01-07  |y BK  |k ING 
952 |0 0  |1 0  |2 ddc  |4 0  |6 531_000000000000000_QUE_2024  |7 0  |8 A  |9 598933  |a BIBING  |b BIBING  |d 2025-01-07  |e Donación  |i 5663875  |o 531 QUE 2024  |p 5663875  |r 2025-01-07  |t 66  |w 2025-01-07  |y BK  |k ING 
952 |0 0  |1 0  |2 ddc  |4 0  |6 531_000000000000000_QUE_2024  |7 0  |8 A  |9 598935  |a BIBING  |b BIBING  |d 2025-01-07  |e Donación  |i 5663876  |o 531 QUE 2024  |p 5663876  |r 2025-01-07  |t 67  |w 2025-01-07  |y BK  |k ING 
952 |0 0  |1 0  |2 ddc  |4 0  |6 531_000000000000000_QUE_2024  |7 0  |8 A  |9 598936  |a BIBING  |b BIBING  |d 2025-01-07  |e Donación  |i 5663877  |o 531 QUE 2024  |p 5663877  |r 2025-01-07  |t 68  |w 2025-01-07  |y BK  |k ING 
952 |0 0  |1 0  |2 ddc  |4 0  |6 531_000000000000000_QUE_2024  |7 0  |8 A  |9 598937  |a BIBING  |b BIBING  |d 2025-01-07  |e Donación  |i 5663878  |o 531 QUE 2024  |p 5663878  |r 2025-01-07  |t 69  |w 2025-01-07  |y BK  |k ING 
952 |0 0  |1 0  |2 ddc  |4 0  |6 531_000000000000000_QUE_2024  |7 0  |8 A  |9 598938  |a BIBING  |b BIBING  |d 2025-01-07  |e Donación  |i 5663879  |o 531 QUE 2024  |p 5663879  |r 2025-01-07  |t 70  |w 2025-01-07  |y BK  |k ING 
952 |0 0  |1 0  |2 ddc  |4 0  |6 531_000000000000000_QUE_2024  |7 0  |8 A  |9 598939  |a BIBING  |b BIBING  |d 2025-01-07  |e Donación  |i 5663880  |o 531 QUE 2024  |p 5663880  |r 2025-01-07  |t 71  |w 2025-01-07  |y BK  |k ING 
952 |0 0  |1 0  |2 ddc  |4 0  |6 531_000000000000000_QUE_2024  |7 0  |8 A  |9 598941  |a BIBING  |b BIBING  |d 2025-01-07  |e Donación  |i 5663881  |o 531 QUE 2024  |p 5663881  |r 2025-01-07  |t 72  |w 2025-01-07  |y BK  |k ING 
952 |0 0  |1 0  |2 ddc  |4 0  |6 531_000000000000000_QUE_2024  |7 0  |8 A  |9 598942  |a BIBING  |b BIBING  |d 2025-01-07  |e Donación  |i 5663882  |o 531 QUE 2024  |p 5663882  |r 2025-01-07  |t 73  |w 2025-01-07  |y BK  |k ING 
952 |0 0  |1 0  |2 ddc  |4 0  |6 531_000000000000000_QUE_2024  |7 0  |8 A  |9 598943  |a BIBING  |b BIBING  |d 2025-01-07  |e Donación  |i 5663883  |o 531 QUE 2024  |p 5663883  |r 2025-01-07  |t 74  |w 2025-01-07  |y BK  |k ING 
952 |0 0  |1 0  |2 ddc  |4 0  |6 531_000000000000000_QUE_2024  |7 0  |8 A  |9 598944  |a BIBING  |b BIBING  |d 2025-01-07  |e Donación  |i 5663884  |o 531 QUE 2024  |p 5663884  |r 2025-01-07  |t 75  |w 2025-01-07  |y BK  |k ING 
952 |0 0  |1 0  |2 ddc  |4 0  |6 531_000000000000000_QUE_2024  |7 0  |8 A  |9 598945  |a BIBING  |b BIBING  |d 2025-01-07  |e Donación  |i 5663885  |o 531 QUE 2024  |p 5663885  |r 2025-01-07  |t 76  |w 2025-01-07  |y BK  |k ING 
952 |0 0  |1 0  |2 ddc  |4 0  |6 531_000000000000000_QUE_2024  |7 0  |8 A  |9 598946  |a BIBING  |b BIBING  |d 2025-01-07  |e Donación  |i 5663886  |o 531 QUE 2024  |p 5663886  |r 2025-01-07  |t 77  |w 2025-01-07  |y BK  |k ING 
952 |0 0  |1 0  |2 ddc  |4 0  |6 531_000000000000000_QUE_2024  |7 0  |8 A  |9 598947  |a BIBING  |b BIBING  |d 2025-01-07  |e Donación  |i 5663887  |o 531 QUE 2024  |p 5663887  |r 2025-01-07  |t 78  |w 2025-01-07  |y BK  |k ING 
952 |0 0  |1 0  |2 ddc  |4 0  |6 531_000000000000000_QUE_2024  |7 0  |8 A  |9 598948  |a BIBING  |b BIBING  |d 2025-01-07  |e Donación  |i 5663888  |o 531 QUE 2024  |p 5663888  |r 2025-01-07  |t 79  |w 2025-01-07  |y BK  |k ING 
952 |0 0  |1 0  |2 ddc  |4 0  |6 531_000000000000000_QUE_2024  |7 0  |8 A  |9 598949  |a BIBING  |b BIBING  |d 2025-01-07  |e Donación  |i 5663889  |o 531 QUE 2024  |p 5663889  |r 2025-01-07  |t 80  |w 2025-01-07  |y BK  |k ING 
952 |0 0  |1 0  |2 ddc  |4 0  |6 531_000000000000000_QUE_2024  |7 0  |8 A  |9 598950  |a BIBING  |b BIBING  |d 2025-01-07  |e Donación  |i 5663890  |o 531 QUE 2024  |p 5663890  |r 2025-01-07  |t 81  |w 2025-01-07  |y BK  |k ING 
952 |0 0  |1 0  |2 ddc  |4 0  |6 531_000000000000000_QUE_2024  |7 0  |8 A  |9 598951  |a BIBING  |b BIBING  |d 2025-01-07  |e Donación  |i 5663891  |o 531 QUE 2024  |p 5663891  |r 2025-01-07  |t 82  |w 2025-01-07  |y BK  |k ING 
952 |0 0  |1 0  |2 ddc  |4 0  |6 531_000000000000000_QUE_2024  |7 0  |8 A  |9 598952  |a BIBING  |b BIBING  |d 2025-01-07  |e Donación  |i 5663892  |o 531 QUE 2024  |p 5663892  |r 2025-01-07  |t 83  |w 2025-01-07  |y BK  |k ING 
952 |0 0  |1 0  |2 ddc  |4 0  |6 531_000000000000000_QUE_2024  |7 0  |8 A  |9 598953  |a BIBING  |b BIBING  |d 2025-01-07  |e Donación  |i 5663893  |l 1  |o 531 QUE 2024  |p 5663893  |r 2025-03-24  |s 2025-03-18  |t 84  |w 2025-01-07  |y BK  |k ING 
952 |0 0  |1 0  |2 ddc  |4 0  |6 531_000000000000000_QUE_2024  |7 0  |8 A  |9 598954  |a BIBING  |b BIBING  |d 2025-01-07  |e Donación  |i 5663894  |o 531 QUE 2024  |p 5663894  |r 2025-01-07  |t 85  |w 2025-01-07  |y BK  |k ING